000
00337nam a2200145Ia 4500
008
230718s9999 xx 000 0 und d
041
_a
Eng.
082
_a
34607
_b
FAR-A
100
_a
Farani , Mr. M.
245
0
_a
Acts Federal Pro vimeal
260
_a
Pakistan
_b
law book house
_c
2009
300
_a
690
650
_a
Law
999
_c
29475
_d
29475